Գործնական քերականութիւն արդի աշխարհաբարի / (Record no. 538898)
[ view plain ]
| 000 -LEADER | |
|---|---|
| fixed length control field | 00765nam a2200217 a 4500 |
| 001 - CONTROL NUMBER | |
| control field | 000550197 |
| 003 - CONTROL NUMBER IDENTIFIER | |
| control field | AM-YEHGA |
| 005 - DATE AND TIME OF LATEST TRANSACTION | |
| control field | 20260413105050.0 |
| 008 - FIXED-LENGTH DATA ELEMENTS--GENERAL INFORMATION | |
| fixed length control field | 070913m1906 tu ||||gr|||||000|||arm|d |
| 040 ## - CATALOGING SOURCE | |
| Original cataloging agency | AM-YEHGA |
| Transcribing agency | AM-YEHGA |
| 041 0# - LANGUAGE CODE | |
| Language code of text/sound track or separate title | arm |
| 100 0# - MAIN ENTRY--PERSONAL NAME | |
| Personal name | Սիպիլ, |
| Dates associated with a name | 1863-1934 |
| 245 10 - TITLE STATEMENT | |
| Title | Գործնական քերականութիւն արդի աշխարհաբարի / |
| Statement of responsibility, etc. | Զապէլ Հ. Ասատուր. |
| 250 ## - EDITION STATEMENT | |
| Edition statement | Դ տպագր. |
| 260 ## - PUBLICATION, DISTRIBUTION, ETC. | |
| Place of publication, distribution, etc. | Կ. Պոլիս : |
| Name of publisher, distributor, etc. | Գրատուն Պ. Պալենց, |
| Date of publication, distribution, etc. | 1906- |
| 300 ## - PHYSICAL DESCRIPTION | |
| Extent | գիրք ; |
| Dimensions | 18 սմ. |
| 500 ## - GENERAL NOTE | |
| General note | Զապէլ Հ. Ասատուր = Սիպիլ |
| 505 10 - FORMATTED CONTENTS NOTE | |
| Miscellaneous information | Գ. 1 (1906; 138 էջ) |
| 650 14 - SUBJECT ADDED ENTRY--TOPICAL TERM | |
| Topical term or geographic name entry element | Հայոց լեզու |
| General subdivision | Աշխարհաբարի քերականություն |
| 9 (RLIN) | 5484 |
| 942 ## - ADDED ENTRY ELEMENTS (KOHA) | |
| Source of classification or shelving scheme | Universal Decimal Classification |
| Koha item type | Գրքեր / Books |
| Withdrawn status | Lost status | Source of classification or shelving scheme | Damaged status | Not for loan | Collection | Home library | Current library | Date acquired | Serial enumeration / chronology | Total checkouts | Full call number | Barcode | Date last seen | Price effective from | Koha item type | Public note |
|---|---|---|---|---|---|---|---|---|---|---|---|---|---|---|---|---|
| Universal Decimal Classification | Fundamental Scientific Library | Fundamental Scientific Library | 07/11/2025 | Գ. Ա | Ղար/1010 | FL0699723 | 07/11/2025 | 04/12/2025 | Գրքեր / Books | ILL Non-Circ. |
ՀՀ Գիտությունների ազգային ակադեմիայի հիմնարար գիտական գրադարան = Fundamental Scientific Library of NAS RA
All site content, except where otherwise noted, is licensed under a